| 000 -LEADER |
| fixed length control field |
00450cam a22001217a 4500 |
| 008 - FIXED-LENGTH DATA ELEMENTS--GENERAL INFORMATION |
| fixed length control field |
180718b1957 xxu||||| |||| 00| 0 eng d |
| 082 ## - DEWEY DECIMAL CLASSIFICATION NUMBER |
| Classification number |
F803x54 M295 |
| 100 ## - MAIN ENTRY--PERSONAL NAME |
| Personal name |
Malik, P.L. |
| 245 ## - TITLE STATEMENT |
| Title |
Election manual: an up to date guide for All India election to parliament of India and States Legislatives and the election of President and Vice-President of India |
| Statement of responsibility, etc. |
by P.L. Malik |
| 260 ## - PUBLICATION, DISTRIBUTION, ETC. |
| Place of publication, distribution, etc. |
Delhi |
| Name of publisher, distributor, etc. |
Eastern Book |
| Date of publication, distribution, etc. |
1957 |
| 300 ## - PHYSICAL DESCRIPTION |
| Extent |
184p |
| 650 ## - SUBJECT ADDED ENTRY--TOPICAL TERM |
| Topical term or geographic name entry element |
Election |